| 000 | 00692nam a2200181Ia 4500 | ||
|---|---|---|---|
| 008 | 100920s9999 xx 000 0 und d | ||
| 082 |
_b92051 _a24 न 02 |
||
| 100 | _aअस्थाना श्याम मोहन. | ||
| 245 | _aबुध्दम्र शरणम्र गच्छामि. | ||
| 260 |
_bअभिव्यक्ती प्रकाशन , दिल्ली. _c2002 |
||
| 300 |
_a112 _bसाधी |
||
| 365 | _b120 | ||
| 520 | _aसायो. | ||
| 630 | _aबुध्दम्र शरणम्र गच्छामि. | ||
| 650 | _aसायो. | ||
| 730 | _aबुध्दम्र शरणम्र गच्छामि. | ||
| 942 | _cBOOK | ||
| 999 |
_c732498 _d732495 |
||